| 000 | 00395nam a2200133Ia 4500 | ||
|---|---|---|---|
| 005 | 20251222143119.0 | ||
| 008 | 251222s9999||||xx |||||||||||||| ||spa|| | ||
| 082 | _a027.4/M53/Ej.3 | ||
| 100 | _aMendoza Navarro, Aída Luz | ||
| 245 | 0 | _aEl sistema institucional de archivos, ¿Por qué? ¿Para qué? | |
| 250 | _a1a.ed. | ||
| 264 | _bMinisterio de Relaciones Exteriores del Perú | ||
| 942 | _cLIB | ||
| 999 |
_c11468 _d11468 |
||